Supreme Court on Muslim Law (Record no. 232298)
[ view plain ]
| 000 -LEADER | |
|---|---|
| fixed length control field | 00710nam a22002417a 4500 |
| 005 - DATE AND TIME OF LATEST TRANSACTION | |
| control field | 20241209105019.0 |
| 008 - FIXED-LENGTH DATA ELEMENTS--GENERAL INFORMATION | |
| fixed length control field | 241209b ||||| |||| 00| 0 eng d |
| 020 ## - INTERNATIONAL STANDARD BOOK NUMBER | |
| International Standard Book Number | 9788119129850 |
| 040 ## - CATALOGING SOURCE | |
| Transcribing agency | AL |
| 041 ## - LANGUAGE CODE | |
| Language code of text/sound track or separate title | English |
| 082 ## - DEWEY DECIMAL CLASSIFICATION NUMBER | |
| Edition number | 23 |
| Classification number | 347.035 |
| Item number | MAHS |
| 100 ## - MAIN ENTRY--PERSONAL NAME | |
| Personal name | Tahir Mahmood |
| 100 ## - MAIN ENTRY--PERSONAL NAME | |
| 9 (RLIN) | 188736 |
| 245 ## - TITLE STATEMENT | |
| Title | Supreme Court on Muslim Law |
| 250 ## - EDITION STATEMENT | |
| Edition statement | 2. |
| 260 ## - PUBLICATION, DISTRIBUTION, ETC. | |
| Place of publication, distribution, etc. | Delhi |
| Name of publisher, distributor, etc. | Law And Justice Publishing Co |
| Date of publication, distribution, etc. | 2024 |
| 300 ## - PHYSICAL DESCRIPTION | |
| Extent | xiii,316 p. |
| Other physical details | HB |
| Dimensions | 25x16 cm. |
| 365 ## - TRADE PRICE | |
| Price type code | 1060 |
| Price amount | ₹434.35 |
| Currency code | ₹ |
| Unit of pricing | ₹595.00 |
| Price note | 27% |
| Price effective from | 28-11-2024 |
| 650 ## - SUBJECT ADDED ENTRY--TOPICAL TERM | |
| Topical term or geographic name entry element | Children and Minors |
| 9 (RLIN) | 188737 |
| 650 ## - SUBJECT ADDED ENTRY--TOPICAL TERM | |
| Topical term or geographic name entry element | Marriage and Divorce |
| 9 (RLIN) | 188738 |
| 650 ## - SUBJECT ADDED ENTRY--TOPICAL TERM | |
| Topical term or geographic name entry element | Muslim Law India |
| 9 (RLIN) | 188739 |
| 700 ## - ADDED ENTRY--PERSONAL NAME | |
| Personal name | MAHMOOD (Tahir) |
| 9 (RLIN) | 188740 |
| 942 ## - ADDED ENTRY ELEMENTS (KOHA) | |
| Source of classification or shelving scheme | Dewey Decimal Classification |
| Koha item type | Book |
| Withdrawn status | Lost status | Source of classification or shelving scheme | Damaged status | Not for loan | Collection code | Home library | Current library | Date acquired | Source of acquisition | Cost, normal purchase price | Total Checkouts | Full call number | Barcode | Date last seen | Cost, replacement price | Price effective from | Koha item type |
|---|---|---|---|---|---|---|---|---|---|---|---|---|---|---|---|---|---|
| Dewey Decimal Classification | Law | St Aloysius Law Library | St Aloysius Law Library | 12/05/2024 | MPP House,Bengaluru | 434.35 | 347.035 MAHS | LL000977 | 12/09/2024 | 595.00 | 12/09/2024 | Book |